Statistics for Female-Fronted Rock Bands

Click here to take the quiz!

General Stats

  • This quiz has been taken 101 times
    (54 since last reset)
  • The average score is 8 of 15

Answer Stats

Band Members Song Band % Correct
Dolores O'RiordanZombieThe Cranberries
95%
Annie LennoxSweet Dreams (Are Made of This)Eurythmics
83%
Stevie NicksGo Your Own WayFleetwood Mac
80%
Gwen StefaniSpiderwebsNo Doubt
80%
Courtney LoveCelebrity SkinHole
75%
Ann WilsonBarracudaHeart
73%
Amy LeeBring Me to LifeEvanescence
68%
Shirley MansonStupid GirlGarbage
63%
Siouxsie SiouxDear PrudenceSiouxsie and the Banshees
53%
Hayley WilliamsAin't It FunParamore
48%
Joan Jett, Lita Ford, Cherie CurrieCherry BombThe Runaways
43%
Lzzy HaleI Get OffHalestorm
28%
Su-metal, Yuimetal, MoametalGimme Chocolate!!Babymetal
20%
Taylor MomsenTake Me DownThe Pretty Reckless
15%
Lacey SturmAll Around MeFlyleaf
13%

Score Distribution

Percentile by Number Answered

Percent of People with Each Score

Your Score History

You have not taken this quiz since the last reset